000 00625nam a22001697a 4500
020 _qHard Cover.
082 _a620.44
100 _aAftab, Muhammad Akram
245 _aOne Dimensional Core/Shell Chalcogenide Nanostructures for Nanowire Solar Cells /
_cMuhammad Aftab Akram.
260 _aIslamabad:
_bSCME - NUST,
_c2017.
300 _axvi, 103 p. : ill. ;
_c30cm.
650 _aPhD-Materials Engineering
_9123162
700 _aSupervisor:Dr. Muhammad Mujahid.
_9123496
856 _u http://10.250.8.41:8080/xmlui/handle/123456789/26649
942 _2ddc
_cTHE
999 _c527876
_d527876